[Event "Norway Chess 3rd"]
[Site "Stavanger"]
[Date "2015.06.16"]
[Round "1"]
[White "Carlsen, Magnus"]
[Black "Topalov, Veselin"]
[Result "0-1"]
[WhiteElo "2876"]
[BlackElo "2798"]
[Annotator "Krasenkow,Michal"]
[PlyCount "120"]
[EventDate "2015.06.16"]
[EventType "tourn"]
[EventRounds "9"]
[EventCountry "NOR"]
[EventCategory "22"]
[SourceTitle "CBM 167"]
[Source "ChessBase"]
[SourceDate "2015.07.13"]
[SourceVersion "1"]
[SourceVersionDate "2015.07.13"]
[SourceQuality "1"]

1. d4 d5 2. c4 c6 3. Nf3 Nf6 4. Nc3 e6 5. Bg5 h6 6. Bxf6 Qxf6 7. e3 Nd7 8. Rc1 g6 9. Be2 (9. Bd3 {is more common, with a usual continuation being} dxc4 10. Bxc4) 9... Bg7 (9... dxc4 10. Bxc4 {was possible here, too.}) 10. cxd5 {[%mdl 32] White goes for the classic Karlsbad structure, for which his rook is not placed properly on c1 but neither is Black's bishop on g7.} ({He can include mutual castling first:} 10. O-O O-O (10... dxc4 11. Bxc4 {again leads to a common position}) 11. cxd5 (11. e4 dxe4 12. Nxe4 Qf4 13. Qc2 f5 14. Nc3 Qc7 15. Rfd1 e5 16. d5 {0-1 (31) Kanep,M (2505)-Fridman,D (2653) Riga 2012} e4 $132) (11. Qc2 Qe7 12. Rfd1 a6 $5 13. a3 Rb8 14. h3 Kh8 15. Nd2 Rd8 16. b4 b5 17. c5 e5 18. Nb3 Nf8 19. dxe5 Qxe5 20. Nd4 Qc7 21. h4 Ne6 $132 {1/2 (48) Aronian,L (2816)-Kasimdzhanov,R (2684) Istanbul 2012}) 11... exd5 12. b4 a6 (12... Nb6 {1/2 (17) Tosic,M (2440)-Kosic,D (2455) Kladovo 1993} 13. b5 $1) 13. a4 Qd6 14. Qb3 (14. b5 $5) 14... b5 15. axb5 axb5 16. e4 {1/2 (42) Devereaux,M (2329)-Horton,J Port Erin 2003} Nb6 $1 $11 17. exd5 $140 Nxd5 18. Nxd5 Be6 $1) ({If} 10. b4 a6 11. a4 {then} dxc4 12. Bxc4 O-O 13. O-O Qe7 $11 14. b5 $6 axb5 15. axb5 c5 16. Be2 cxd4 17. Nxd4 Nb6 18. Ra1 Rxa1 19. Qxa1 e5 20. Nf3 Be6 $36 {0-1 (60) Kolbus,D (2416)-Malakhatko,V (2556) Port Erin 2005}) 10... exd5 11. b4 {[%cal Yb4b5]} a6 (11... Qd6 {is less accurate:} 12. b5 O-O 13. O-O Nb6 14. bxc6 bxc6 (14... Qxc6 15. Ne5 Qe8 16. Nd3 Bd7 17. Nc5 Bc6 18. Qb3 Qe7 19. a4 Qg5 20. Rfd1 Rad8 21. Nb5 Nc8 22. Bf3 a6 23. Nc3 $16 {1/2 (61) Shchekachev,A (2537)-Bajarani,U (2424) Paris 2011}) 15. Na4 Re8 16. Nc5 Rb8 17. Re1 Nd7 18. Nd3 Ba6 19. Nf4 Bb7 20. Qa4 a6 21. Nd3 Rec8 22. Qa5 $14 {1-0 (46) Shchekachev,A (2528)-Lamorelle,J (2277) Paris 2012}) 12. a4 O-O 13. b5 ({RR} 13. O-O Qd6 14. Qb3 Nf6 15. Ne5 Be6 16. Nd3 h5 17. Nc5 Rab8 18. b5 axb5 19. axb5 h4 20. h3 Rfe8 21. Ra1 Nd7 22. Nxe6 Qxe6 23. Bf3 f5 24. Rfb1 Bf8 25. Nxd5 Kh8 26. Nc7 Qxb3 27. Rxb3 Rec8 {Beydullayeva,G (2400)-Aydin,G (2265) Baku AZE 2025 1-0 (47)}) 13... axb5 14. axb5 {The classic minority attack leads to a typical position with the weak c6-pawn (in the event of b5xc6 b7xc6) or weak b- and d-pawns in Black's camp (in the event of ...c6xb5 or b5xc6 xc6). Usually Black opts for the former setup as it is difficult for White to convert such a small advantage. Often (in the present game, too) White refrains from the early capture on c6 so that the b-file remains closed, and he can sometimes attack the b7-pawn.} Qd6 $146 ({RR} 14... Ra3 15. O-O Qd6 16. Qc2 Nb8 17. bxc6 bxc6 18. Na4 Bf5 19. Qc5 {½-½ (19) Garcia,J (2429)-Goganov,A (2605) Bangkok 2017}) 15. O-O Nb6 16. Qb3 Rb8 17. Nd1 {The knight goes to d3 and then possibly to c5 or e5.} Bf5 18. Nb2 Rfc8 19. Nd3 Bxd3 {A simple way to disrupt White's plan. However, the exchange of Black's light-squared bishop has a drawback as it is a good defender of his position.} 20. Qxd3 c5 {Another typical transformation. Black prefers to have an isolated central pawn, safely protected by the perfectly placed b6 knight. In many cases (including this one) it is quite enough for equality.} 21. dxc5 Rxc5 $11 {However, the World Champion is famous for regularly outplaying his rivals in quiet equal positions.} 22. h4 Na4 (22... h5 {was quite possible (and would have been probably played against any other opponent):} 23. Ng5 Rxc1 24. Rxc1 Ra8 $11) 23. h5 Rbc8 $6 {Another timorous move.} (23... Nc3 $142 24. hxg6 Qxg6 $11) 24. Rxc5 Nxc5 {The knight is hardly placed better on c5 than on b6.} 25. Qc2 {Now the destruction of Black's queenside is inevitable. He must switch to defence.} gxh5 (25... Qe6 26. Rc1 $1 $36) 26. Nd4 Qg6 27. Nf5 $14 {[%csl Gf5]} Bf8 28. Rd1 Qe6 29. Rc1 Nb3 $1 {[%mdl 256] A correct simplification.} 30. Qxc8 Nxc1 31. Qxc1 Qxf5 {The opposite-coloured bishops should secure Black a draw.} 32. Qc7 Qb1+ 33. Bf1 d4 $1 34. exd4 (34. Qxb7 dxe3 35. fxe3 Qe1 {[%cal Yf8d6,Ye1g3]}) 34... Qd1 (34... Qe4 $142 $1 $11 35. Bc4 $140 Qe1+ 36. Kh2 Qxf2) 35. Qe5 $1 (35. Qxb7 Qxd4 $11 {[%cal Yf8c5]}) 35... Bg7 36. Qe8+ Bf8 37. Qd8 Kg7 (37... Qd2 $142 $5 38. d5 Kg7) 38. Qd5 $1 {White is trying all possible chances.} b6 39. Qe5+ Kg8 40. Qf6 Bg7 (40... Bb4 $142 $1 41. Qxb6 (41. Qxh6 Qxd4 {[%cal Yb4c5]}) 41... Kg7 {[%cal Yb4c3,Yc3d4]} 42. Qd8 Bc5 $1 {, which is not easy to find, though.}) 41. Qxb6 Bxd4 42. Qxh6 Qg4 43. Qd6 Qd1 44. Qd8+ Kh7 $6 {A serious inaccuracy.} (44... Kg7 $1 45. Qg5+ Kh7 {was still a clear draw.}) 45. Qc7 $1 {White's passed pawn now moves forward.} Kg7 46. b6 Qg4 $1 {The only way to create counterplay.} (46... Qd2 $4 47. Qg3+ Kh7 48. b7) 47. b7 Qh4 $1 48. g3 Qf6 49. Qc2 Qe5 {Black has stopped White's pawn at the last moment. The draw is still highly probable.} 50. Qd3 Ba7 51. Qf3 Qf6 52. Qe2 {The queen exchange leads to a draw, e.g.} (52. Be2 Qxf3 53. Bxf3 Kg6 54. Kg2 f5 55. Be2 Bb8 (55... f4 56. gxf4 Bb8 {is good enough}) 56. Kh3 Be5 57. f4 Bc7 58. Kg2 (58. Kh4 Bd8+) 58... h4 $1 $11) 52... Qc3 53. Kh2 Qd4 54. Qf3 Bb8 $2 {Surprisingly, this is a big mistake.} (54... h4 $1 {was correct as} 55. g4 Qe5+ 56. Kg2 Bb8 {lead to a dead draw.}) 55. Kh3 Bc7 (55... Qf6 56. Qxf6+ Kxf6 57. Kh4 Kg6 58. Be2 {- Black's bishop is placed wrongly, unable to give a check, therefore he loses the h5-pawn and the game.}) 56. Be2 Bb8 57. Bd1 {[%cal Rf3h5] White doesn't want to calculate the queen endgame after} (57. Qxh5 Qxf2 58. Qg5+ Kf8 59. Qd8+ Kg7 60. Qxb8 Qxe2) 57... f5 {Desperation.} 58. Be2 f4 (58... Qg4+ 59. Qxg4+ hxg4+ 60. Bxg4 fxg4+ 61. Kxg4 $18 {White's pawns easily prevail as his king goes to the queenside at the decisive moment.}) 59. Qxh5 Qxf2 $5 60. Qg5+ Kf7 $138 {White lost on time unaware of the time rate. He still needed several accurate checks to construct the mating net:} (60... Kf7 61. Bc4+ Ke8 62. Bb5+ $1 {Only this; if Black's king escapes to the queenside, it will be safe!} Kf7 63. Qf5+ Kg7 64. Qd7+ $1 Kf6 65. Qd8+ $1 Kg7 (65... Kf7 66. Bc4+ Kg6 67. Qg8+ Kf6 68. Qf8+ Kg5 69. Qg7+ {leads to the same}) 66. Qe7+ Kh6 67. Qf6+ Kh7 68. Bd3+ Kg8 69. Bc4+ Kh7 70. Qf7+ Kh6 71. Qf8+ $1 Kg5 72. Qg7+ Kf5 73. g4+ Ke4 74. Qg6+ Kd4 75. Qb6+ $18) 0-1

[Event "Norway Chess 3rd"]
[Site "Stavanger"]
[Date "2015.06.22"]
[Round "6"]
[White "Carlsen, Magnus"]
[Black "Nakamura, Hikaru"]
[Result "1/2-1/2"]
[WhiteElo "2876"]
[BlackElo "2802"]
[Annotator "Krasenkow,Michal"]
[PlyCount "190"]
[EventDate "2015.06.16"]
[EventType "tourn"]
[EventRounds "9"]
[EventCountry "NOR"]
[EventCategory "22"]
[SourceTitle "CBM 167"]
[Source "ChessBase"]
[SourceDate "2015.07.13"]
[SourceVersion "1"]
[SourceVersionDate "2015.07.13"]
[SourceQuality "1"]

1. d4 d5 2. c4 e6 3. Nf3 Nf6 4. Nc3 Be7 5. Bg5 h6 6. Bh4 O-O 7. e3 Ne4 8. Bxe7 Qxe7 9. Rc1 c6 10. Qc2 Nxc3 11. Qxc3 dxc4 {A dubious decision: Black allows White's bishop to get to c4 in one go.} (11... Nd7 {is more accurate and common.}) 12. Bxc4 b6 (12... Nd7 13. Be2 $5 Re8 14. O-O e5 15. Rfe1 exd4 16. exd4 Nf8 17. d5 Bg4 18. h3 Bh5 19. dxc6 bxc6 20. Bf1 Qb7 21. Rxe8 Rxe8 22. Nd4 $16 {1-0 (68) Bischoff,K (2533)-Senff,M (2449) Germany 2006}) 13. O-O {Too conventional.} (13. Be2 $5 Bb7 14. Ne5 Rc8 15. O-O $142 {as it is not easy for Black to push ...c6-c5 without concessions:} (15. Bh5 {(Hort) is not very promising due to} g6 16. Bf3 c5 {as} 17. Bxb7 Qxb7 {[%cal Yb8d7]} 18. Ng4 {doesn't work:} Qxg2 19. Nf6+ Kg7 20. dxc5 Qxh1+ 21. Ke2 Qxc1 22. Qxc1 Rxc5 $1 ({but not} 22... Kxf6 $2 23. cxb6 $1 Rxc1 24. b7)) 15... Nd7 (15... c5 16. b4 $5) 16. Nxd7 Qxd7 17. Qb3 (17. b4 $5) 17... Qe7 (17... c5 {leads to an isolated pawn}) 18. Bf3 {etc.}) 13... Nd7 {More accurate than} (13... Bb7 14. Ne5 $5 (14. e4 c5 15. d5 exd5 16. exd5 Nd7 17. Rfe1 Qd6 (17... Qf6 $5 18. Bb5 (18. Ne5 $5) 18... Qxc3 19. bxc3 Nf6 {Hort} 20. c4 a6 21. Bc6 $14) 18. Nh4 $5 g6 $1 (18... Qf6 19. Qxf6 Nxf6 20. d6 $14 {1-0 (29) Hort,V-Donner,J Wijk aan Zee 1970}) 19. Qe3 Rfe8 $1 20. Qxh6 Ne5 $132) 14... Nd7 15. Nxd7 Qxd7 16. Be2 $1 Rfc8 (16... Qe7 17. Bf3 Rac8 18. Qb3 Rc7 19. Qa4 c5 20. Bxb7 Rxb7 21. dxc5 bxc5 22. b3 $14 {1-0 (41) Frydman,P-Gershman,J Buenos Aires 1939}) 17. b4 (17. Rfd1 Qe7 18. Bf3 c5 19. Bxb7 Qxb7 $11 {1/2 (27) Kieninger,G-Schmidt,P Heidelberg 1949}) 17... a5 18. a3 axb4 19. axb4 Qd5 20. Bf3 Qb5 21. Rb1 Ra2 22. Rfc1 $14 {1-0 (40) Huzman,A (2570)-Ravia,M (2330) Israel 1996}) 14. Rfd1 (14. b4 Bb7 15. Be2 Rfc8 16. Rfd1 {1/2 (16) Kantsler,B (2455)-Ravia,M (2370) Petah Tiqwa 1996} a5 $132) 14... Bb7 15. h3 (15. e4 Rfd8 16. Qe3 c5 17. h3 cxd4 18. Nxd4 Rac8 19. f3 Ne5 $11 {1-0 (36) Sanikidze,T (2426)-Becker,M (2330) Dresden 2007}) 15... c5 $146 {Black has solved his opening problems.} ({RR} 15... Rfd8 16. b4 c5 17. bxc5 Bxf3 18. gxf3 bxc5 19. d5 Nb6 20. dxe6 Rxd1+ 21. Rxd1 fxe6 22. Bb3 Rc8 23. Bc2 c4 24. f4 Rd8 25. Rb1 Qd6 26. Rd1 Qe7 27. Rxd8+ Qxd8 28. Qe5 Kf7 29. Qa5 Qd7 30. Qc5 {Pultinevicius,P (2517)-Korneev,O (2474) Parnu EST 2023 1-0 (58)}) ({RR} 15... Rfd8 16. b4 c5 17. bxc5 Bxf3 18. gxf3 bxc5 19. d5 Nb6 20. dxe6 Rxd1+ 21. Rxd1 fxe6 22. Bb3 Rc8 23. Bc2 c4 24. f4 Rd8 25. Rb1 Qd6 26. Rd1 Qe7 27. Rxd8+ Qxd8 28. Qe5 Kf7 29. Qa5 Qd7 30. Qc5 {Pultinevicius,P (2517)-Korneev,O (2474) Parnu EST 2023 1-0 (58)}) 16. d5 {A harmless attempt. Black's queenside pawns will not be less strong than White's central pawns, which are not too advanced.} exd5 17. Bxd5 Bxd5 18. Rxd5 Nf6 19. Rd3 Rad8 20. Rcd1 Rxd3 21. Qxd3 Rc8 22. a4 c4 23. Qc2 Qe4 24. Nd4 c3 25. Qb3 Qd5 26. Qc2 Qe4 27. Qxe4 Nxe4 {[%mdl 4096]} 28. b3 Nd2 $6 {A risky adventure. It was better to take another route:} (28... Nc5 $5 {(K.Sakaev)} 29. Kf1 Na6 (29... a5 30. Ke2 Na6 {[%cal Ya6b4]}) 30. Nc2 Nc5 $11) 29. Rc1 a5 (29... c2 $6 30. b4) 30. Rc2 (30. f3 c2 {[%cal Yc8c3]}) 30... Nb1 31. Rc1 (31. f3 Na3 32. Rc1 c2 33. Kf2 Rc3 {, and White can't make progress.}) 31... Nd2 32. Rc2 Nb1 33. Nb5 Kf8 (33... Rd8 34. Rc1 Rd3 (34... c2 35. Rxc2 Rd1+ 36. Kh2 Nd2 37. Kg3 Nxb3 38. Rc6 {is risky for Black}) 35. g4 c2 36. Rxc2 Rxb3 37. Rc8+ Kh7 38. Rc6 Rb4 39. Nd6 {, and White fights on.}) 34. f3 Rd8 35. Nd4 {White could have kept winning chances by means of} (35. Kf2 $1 Rd2+ 36. Rxd2 cxd2 37. Ke2 Ke7 38. g4) 35... Rc8 36. Rc1 Na3 37. Nc2 Nxc2 38. Rxc2 {White eventually wins the c3-pawn in this rook ending but Black manages to trade all the queenside pawns, after which a theoretically drawn endgame arises.} Rc5 39. Kf2 b5 40. axb5 Rxb5 41. Rxc3 g6 42. f4 (42. g4 h5 $1) 42... h5 {It is useful for Black to put his rook pawn here as it makes his task easier. White's further attempts are absolutely fruitless.} 43. Rc8+ Kg7 44. Ra8 Rxb3 45. Rxa5 Rb2+ 46. Kf3 Rb3 47. Ra7 Rc3 48. Re7 Rb3 49. Kg3 Rb2 50. Kf3 Rb3 51. g4 hxg4+ 52. hxg4 Rb1 53. Rd7 Rf1+ 54. Ke4 Rg1 55. g5 Ra1 56. Ke5 Ra3 57. e4 Ra5+ 58. Kd6 Ra6+ 59. Ke5 Ra5+ 60. Rd5 Ra4 61. Rc5 Ra1 62. Rc2 Rf1 63. Rc7 Re1 64. Ra7 Rg1 65. Ra4 Rf1 66. Ra6 Re1 67. Kd4 Rd1+ 68. Ke3 Re1+ 69. Kf3 Rf1+ 70. Kg3 Re1 71. e5 Re3+ 72. Kf2 Rb3 73. Rd6 Ra3 74. Rd8 Rc3 75. Ke2 Ra3 76. Rd3 Ra1 77. Ke3 Re1+ 78. Kd4 Rf1 79. Ke4 Ra1 80. Rd7 Ra4+ 81. Rd4 Ra5 82. Rc4 Kf8 83. Rc8+ Kg7 84. Rc7 Kf8 85. Kd4 Ra4+ 86. Rc4 Ra5 87. Rc8+ Kg7 88. e6 fxe6 89. Rc5 Ra7 90. Ke5 Rf7 91. Rc4 Rf5+ 92. Kxe6 Kg8 93. Rc8+ Kg7 94. Rc7+ Kg8 95. Rc8+ Kg7 1/2-1/2

[Event "Norway Chess 3rd"]
[Site "Stavanger"]
[Date "2015.06.23"]
[Round "7"]
[White "Vachier Lagrave, Maxime"]
[Black "Carlsen, Magnus"]
[Result "1/2-1/2"]
[WhiteElo "2723"]
[BlackElo "2876"]
[Annotator "Ramirez Alvarez,Alejandro"]
[PlyCount "34"]
[EventDate "2015.06.16"]
[EventType "tourn"]
[EventRounds "9"]
[EventCountry "NOR"]
[EventCategory "22"]
[SourceTitle "CBM 167"]
[Source "ChessBase"]
[SourceDate "2015.07.13"]
[SourceVersion "1"]
[SourceVersionDate "2015.07.13"]
[SourceQuality "1"]

1. d4 Nf6 2. c4 e6 3. Nf3 d5 4. Nc3 c6 5. Bg5 h6 6. Bh4 g5 7. Bg3 Ne4 $6 {This move simply cannot be good, but it is clear that Carlsen had at least looked at the situation. MVL thought for a few minutes and decided to go for the sacrificial route.} 8. Nxe4 (8. Nd2 Nxg3 9. hxg3 Bg7 10. e3 a6 {was a blitz game between Grischuk-Kramnik from 2008. White obtained the better position and won the game.}) (8. e3 {might be the simple move and the true refutation of Black's intentions. He might have to start attacking with Bb4, but it should be insufficient} Bb4 9. Qb3 Qa5 10. Rc1 Nd7 11. Bd3 $14) 8... dxe4 9. Nd2 Qxd4 10. e3 {This is the point. The threat on the queen and on the e4 pawn is strong, so Black must keep munching pawns to stay in the game.} Qxb2 11. Rb1 Qc3 $1 {The only move} 12. Be2 Nd7 (12... Bb4 13. Rxb4 Qxb4 14. O-O {is already extremely dangerous for Black. For example:} f5 $2 15. Nxe4 $1 fxe4 16. Bh5+ Ke7 17. Qd4 {with a decisive advantage: the attack is too strong.}) 13. O-O Nc5 {Incredibly Black is holding. There are still many interesting possibilities in this position, but the situation is very unclear. Carlsen had blitzed up to this point and it was clear that he had seen this position in his analysis, so MVL took the practical decision to force the draw.} 14. Nb3 Nd3 $146 (14... Be7 15. Nxc5 Bxc5 16. Bd6 {looks uncomfortable for Black.}) ({RR} 14... Qf6 15. Qc2 Nxb3 16. Rxb3 Bg7 17. Bd6 Qf5 18. c5 Be5 19. Rd1 Bxd6 20. cxd6 Kd7 21. Qb2 e5 22. Rxb7+ Kd8 23. Re7 Re8 24. Rxa7 {1-0 (24) Obsivac,J (2264)-Cagasik,T (2166) Czech Republic 2019}) 15. Nd2 Nc5 {Black must defend the e4 pawn.} 16. Nb3 Nd3 17. Nd2 (17. f3 $5 {would have been a completely different story.}) 17... Nc5 1/2-1/2